000 00372nam a2200181#a 4500
001 01539
003 HDC
007 ta
008 230623s2023 xx 000 0 eng d
020 _a9789832025481(pbk)
040 _aHDC
050 _aHC79
_b.I55 2009
245 0 _aInnovation at a glance.
942 _2lcc
942 _cBK
942 _kHC79
942 _m.I55 2009
999 _c23105
_d23105